000 00559nam a2200217 a 4500
001 BRCA_3560
005 20190320204332.0
008 030809s1962----au a---###---#000-0#ger-#
041 _ager
044 _aau
050 4 _aN6806
_b.B37 1962
245 1 0 _aBarock in österreich
_cBruno Grimschtz...[et al.].
260 _aWien
_bForum
_c1962
300 _a95 p.
_bil., 120 láminas
_c28 cm.
500 _aB228
650 1 4 _aArte barroco
_93994
650 1 4 _aArte
_zAustria
_99243
700 1 _aGrimschtz, Bruno
_ecoau
_99244
902 _aGFM
942 _2lcc
_cB
999 _c3295
_d3295